|
|
|
|
| LEADER |
00000nam0a2200000 4500 |
| 001 |
45037 |
| 005 |
20231031023407.0 |
| 035 |
|
|
|a (RuTPU)RU\TPU\book\46783
|
| 090 |
|
|
|a 45037
|
| 100 |
|
|
|a 20021128d1970 k y0rusy50 ca
|
| 101 |
1 |
|
|a rus
|c eng
|
| 102 |
|
|
|a RU
|
| 105 |
|
|
|a a z 001zy
|
| 200 |
1 |
|
|a Межфазовая граница газ - твердое тело
|e пер. с англ.
|f под ред. Э. Флада
|
| 210 |
|
|
|a Москва
|c Мир
|d 1970
|
| 215 |
|
|
|a 434 с.
|c ил.
|
| 320 |
|
|
|a Библиогр. в конце глав.
|
| 610 |
1 |
|
|a химия
|
| 610 |
1 |
|
|a твердые тела
|
| 610 |
1 |
|
|a адсорбция
|
| 610 |
1 |
|
|a поверхностные процессы
|
| 610 |
1 |
|
|a межфазовые границы
|
| 610 |
1 |
|
|a газы
|
| 675 |
|
|
|a 544.72
|v 3
|
| 702 |
|
1 |
|a Флад
|b Э.
|4 340
|
| 801 |
|
1 |
|a RU
|b 63413507
|c 20021128
|g PSBO
|
| 801 |
|
2 |
|a RU
|b 63413507
|c 20140915
|g PSBO
|
| 942 |
|
|
|c BK
|